000 00452nmm a2200157Ia 4500
008 251105s9999||||xx |||||||||||||||||und||
020 _a9788431530259
041 _aspa
100 _aDubois, Gilles
245 0 _a1000 recetas de salsas
264 _a[Madrid, España] :
_bDe Vecchi,
_c[Fecha de publicación no identificada]
300 _a0 páginas
650 _aCooking
856 _uhttps://public.digitaliapublishing.com/a/122469
942 _cCF
999 _c81238
_d81238